000
00288nam a2200121Ia 4500
008
140316s9999 xx 000 0 und d
082
_a
ICAR/CMFRI
_b
AR/2004-05
100
_a
CMFRI
245
_a
Annual Report:2004-05
260
_a
Cochin
_b
CMFRI
_c
2005
300
_a
134
942
_2
ddc
_c
REF
999
_c
23052
_d
23052